000 00283nam a2200097Ia 4500
008 120527s9999 xx 000 0 und d
100 _aOLAYINKA, KIO-Folake
245 _aSituation analysis of support groups for people living with Hiv/Aids in Nig
260 _bAction aid
942 _cBK
999 _c25379
_d25379